000 00637nam a2200217Ii 4500
003 JO-AjNU
008 230606s9999||||xx |||||||||||||| ||und||
020 _a978-81-259-4259-7
040 _aJO-AjNU
_beng
_erda
_cJO-AjNU
041 _aeng
050 1 4 _aHF5415.13.2011
100 3 _aKumar,Arun/N Meenakshi,
_eauthor
_92344
245 0 0 _aMarketing Management
250 _a2 ed
264 3 1 _aNEW DELHI: VIKAS PUBLISHING HOUSE PVT LTD,2011
300 _a942p
_bIncludes indexes 927-942 p
336 _atext
_btxt
_2rdacontent
337 _aunmediated
_bn
_2rdamedia
338 _avolume
_bnc
_2rdacarrier
650 4 _a Marketing
_92345
999 _aE1230
_c1230
_d1230